[Event "New York op"]
[Site "New York"]
[Date "1989.??.??"]
[Round "7"]
[White "Polgar, Sofia"]
[Black "Ashley, Maurice"]
[Result "1-0"]
[WhiteElo "2295"]
[BlackElo "2415"]

1.e4 c5 2.Nf3 d6 3.d4 Nf6 4.Nc3 cxd4 5.Nxd4 Nc6 6.Bc4 e6 7.Be3 Be7 8.Bb3 O-O
9.f4 Bd7 10.Qf3 Nxd4 11.Bxd4 Bc6 12.O-O b5 13.Rae1 b4 14.Nd1 Qc7 15.Qg3 Rae8
16.Nf2 e5 17.fxe5 Nh5 18.Qf3 dxe5 19.Nd3 Bd6 20.Qxh5 g6 21.Qg5 exd4 22.e5 Be7
23.Qh6 Bb5 24.Rf3 Bd7 25.Nf4 d3 26.Nxd3 Bc5+ 27.Kh1 Be6 28.Ref1 Bd4 29.Qf4 Bxb3
30.Qxd4 Bc4 31.Re1 Rd8 32.Qh4 Bxd3 33.cxd3 Rd5 34.Qe4 Qd7 35.Qxb4 Rxd3 36.Rff1 Re8
37.Qe4 Rd2 38.Re2 Rxe2 39.Qxe2 Qe6 40.Qf3 Qxa2 41.b3 Re7 42.e6 f5 43.Qd5 Qa3
44.g4 f4 45.Qd8+ Kg7 46.Qd4+ Kg8 47.Qxf4 Rb7 48.Qc4 Kg7 49.Qc3+ Kh6 50.g5+ Kxg5
51.Qe3+  1-0

[Event "New York op"]
[Site "New York"]
[Date "1989.??.??"]
[Round "9"]
[White "Wojtkiewicz, Aleksander"]
[Black "Polgar, Sofia"]
[Result "1-0"]
[WhiteElo "2460"]
[BlackElo "2295"]

1.Nf3 c5 2.g3 Nc6 3.Bg2 g6 4.c3 Bg7 5.d4 cxd4 6.cxd4 d5 7.Nc3 Nf6 8.Ne5 Qb6
9.Nxc6 Qxc6 10.O-O O-O 11.Bg5 e6 12.Rc1 Qa6 13.Qd2 Kh8 14.Bh6 Bd7 15.Bxg7+ Kxg7
16.Qf4 Ne8 17.e4 dxe4 18.Qe5+ Kg8 19.Bxe4 f6 20.Qf4 Qd6 21.Qf3 Rd8 22.Bxb7 Qxd4
23.Rfd1 Qb6 24.Ne4 Qxb2 25.Rc3 Kh8 26.Rb3 Qc2 27.Qd3 Qc7 28.Ba6 f5 29.Rb7 fxe4
30.Qd4+ e5 31.Qb4 Kg8 32.Bc4+  1-0

[Event "Rome op"]
[Site "Rome"]
[Date "1989.??.??"]
[Round "?"]
[White "D'Amore, Carlo"]
[Black "Polgar, Sofia"]
[Result "0-1"]
[WhiteElo "2425"]
[BlackElo "2295"]

1.Nf3 c5 2.c4 Nc6 3.d4 cxd4 4.Nxd4 g6 5.e4 Bg7 6.Nc2 Nf6 7.Nc3 d6 8.Be2 O-O
9.O-O a6 10.Kh1 Rb8 11.f3 Bd7 12.Be3 Qa5 13.Nd5 b5 14.c5 Be6 15.cxd6 exd6
16.Bd2 Qd8 17.Ndb4 Nxb4 18.Bxb4 Ne8 19.Bc3 Bxc3 20.bxc3 Qc7 21.f4 Qxc3 22.Nd4 Bc4
23.Nc6 Bxe2 24.Ne7+ Kh8 25.Qxe2 Ng7 26.Rac1 Qf6 27.Nd5 Qe6 28.Nc7 Qe7 29.Nxa6 Rbc8
30.Nb4 f5 31.e5 Rxc1 32.Rxc1 dxe5 33.Rb1 e4 34.Qxb5 Qd6 35.g3 Rb8 36.Qe5 Qb6
37.Qc3 e3 38.Rb2 Qe6 39.Qd3 Qe4+ 40.Qxe4 fxe4 41.Kg1 Nf5 42.Kf1 Nd4 43.a3 Rc8
44.Na2 Kg7 45.a4 Kf6 46.a5 Kf5 47.a6 Kg4 48.Kg2 e2 49.h3+ Kf5 50.Kf2 e3+
51.Ke1 Ke4 52.Rb4 Kd3 53.Rxd4+ Kxd4 54.Nb4 Kc4 55.Nc2 Kc3 56.Kxe2 Kxc2 57.f5 gxf5
58.Kxe3 Ra8 59.Kf4 Rxa6 60.Kxf5 Rg6 61.Kf4 Kd3  0-1

[Event "Rome op"]
[Site "Rome"]
[Date "1989.??.??"]
[Round "?"]
[White "Polgar, Sofia"]
[Black "Dolmatov, Sergey"]
[Result "1/2-1/2"]
[WhiteElo "2345"]
[BlackElo "2580"]

1.e4 e6 2.d4 d5 3.Nc3 Bb4 4.Ne2 Nf6 5.Bg5 dxe4 6.a3 Be7 7.Bxf6 Bxf6 8.Nxe4 Nc6
9.c3 O-O 10.N2g3 e5 11.d5 Nb8 12.Nxf6+ Qxf6 13.Bd3 c6 14.dxc6 Nxc6 15.Qc2 g6
16.O-O Be6 17.Rae1 Kg7 18.Qe2 Rad8 19.Bb5 Rd5 20.Bc4 Rdd8 21.Bb5 Rd5 22.Bc4 Rdd8
23.Bb5  1/2-1/2

[Event "Rome op"]
[Site "Rome"]
[Date "1989.??.??"]
[Round "?"]
[White "Polgar, Sofia"]
[Black "Palatnik, Semon"]
[Result "1-0"]
[WhiteElo "2295"]
[BlackElo "2470"]

1.e4 Nf6 2.e5 Nd5 3.d4 d6 4.Nf3 Bg4 5.Be2 e6 6.O-O Be7 7.c4 Nb6 8.Nc3 O-O
9.Be3 d5 10.c5 Bxf3 11.gxf3 Nc8 12.f4 Nc6 13.Rb1 Bh4 14.Kh1 N8e7 15.Bd3 g6
16.Qg4 Nf5 17.Bxf5 exf5 18.Qf3 Ne7 19.Qh3 Nc8 20.Rg1 Kh8 21.b4 a6 22.a4 c6
23.b5 axb5 24.axb5 Ra3 25.Rgc1 Be7 26.b6 Bxc5 27.dxc5 d4 28.Rd1 Rxc3 29.Qh6 Rxc5
30.Bxd4 Rd5 31.Kg2 Ne7 32.Bc5 Re8 33.Rdc1 Rd3 34.Bd6 Nc8 35.Rd1 Rxd1 36.Rxd1 Rg8
37.Rd3 Nxb6 38.e6 f6 39.e7 Qe8 40.Qf8 Nd5 41.Rxd5 Rxf8 42.exf8=Q+ Qxf8 43.Bxf8 cxd5
44.Kf3 Kg8 45.Bb4 g5 46.Ke3 Kf7 47.Kd4 Kg6 48.Be7 h6 49.Kxd5 Kh5 50.Bxf6 Kg4
51.fxg5 hxg5 52.Ke5 b5 53.Be7  1-0

[Event "Rome op"]
[Site "Rome"]
[Date "1989.??.??"]
[Round "?"]
[White "Polgar, Sofia"]
[Black "Suba, Mihai"]
[Result "1-0"]
[WhiteElo "2345"]
[BlackElo "2515"]

1.e4 c5 2.Nf3 d6 3.d4 Nf6 4.Nc3 cxd4 5.Nxd4 e6 6.Be2 a6 7.O-O Be7 8.Be3 Qc7
9.f4 O-O 10.Qe1 b5 11.a3 Bb7 12.Bf3 Nbd7 13.Qg3 Nc5 14.f5 e5 15.Nb3 Na4 16.Nxa4 bxa4
17.Nd2 Rfc8 18.c4 Bc6 19.Bh6 Bf8 20.Bg5 Nd7 21.f6 g6 22.Qh4 Rcb8 23.Bg4 Qb6+
24.Kh1 Qxb2 25.Bxd7 Bxd7 26.Bh6 d5 27.Bxf8 Qxd2 28.Rad1 Qe3 29.Rde1 Qd2 30.Bh6 Qa5
31.exd5 Re8 32.Be3 Kh8 33.Bh6 Qc5 34.Re4 Kg8 35.Bg7  1-0

[Event "Vejstrup"]
[Site "Vejstrup"]
[Date "1989.??.??"]
[Round "?"]
[White "Polgar, Sofia"]
[Black "Polgar, Zsuzsa"]
[Result "1/2-1/2"]
[WhiteElo "2335"]
[BlackElo "2520"]

1.e4 c6 2.d4 d5 3.Nc3 dxe4 4.Nxe4 Bf5 5.Ng3 Bg6 6.h4 h6 7.Nf3 Nd7 8.h5 Bh7
9.Bd3 Bxd3 10.Qxd3 Qc7 11.Bd2 e6 12.O-O-O O-O-O 13.Ne4 Ngf6 14.g3 Nxe4 15.Qxe4 Nf6
16.Qe2 Bd6 17.Kb1 Rhe8  1/2-1/2

[Event "Vejstrup"]
[Site "Vejstrup"]
[Date "1989.??.??"]
[Round "?"]
[White "Polgar, Sofia"]
[Black "Rogers, Ian"]
[Result "0-1"]
[WhiteElo "2335"]
[BlackElo "2470"]

1.e4 Nc6 2.d4 d5 3.Nc3 dxe4 4.d5 Ne5 5.Qd4 Ng6 6.Qxe4 Nf6 7.Qa4+ Bd7 8.Qb3 Qc8
9.Bg5 h6 10.Be3 e5 11.O-O-O Bd6 12.f3 O-O 13.g4 Re8 14.Bd3 Nf4 15.Bxf4 exf4
16.h4 Re3 17.g5 Nh5 18.gxh6 Ng3 19.Rh2 gxh6 20.Rf2 Qe8 21.Nge2 b6 22.Ne4 Nxe4
23.fxe4 Rh3 24.Rg1+ Kh8 25.Rxf4 Be5 26.Qb4 a5 27.Qe1 Qe7 28.Rff1 Rg8 29.Rh1 Rxh1
30.Rxh1 Rg4 31.Kb1 Qf6 32.h5 Qg7 33.c3 Rg2 34.Rg1 Rxg1 35.Qxg1 Bg4 36.Nd4 Bxh5
37.Qh1 Qg3 38.Bc2 Qh2 39.Qf1 Qf4 40.Qd3 Qg3 41.Qf1 Qf4 42.Qb5 Bg6 43.Nf5 h5
44.a4 Kh7 45.Qe8 h4 46.Nxh4 Bxe4 47.Bxe4+ Qxe4+ 48.Ka1 Qh1+ 49.Ka2 Qxd5+
50.Kb1 Bg3  0-1

[Event "Vejstrup"]
[Site "Vejstrup"]
[Date "1989.??.??"]
[Round "?"]
[White "Mortensen, Erling"]
[Black "Polgar, Sofia"]
[Result "0-1"]
[WhiteElo "2475"]
[BlackElo "2335"]

1.e4 c5 2.Nf3 e6 3.d4 cxd4 4.Nxd4 Nf6 5.Nc3 Qc7 6.g3 d6 7.Bg2 Nc6 8.O-O Be7
9.Nb3 O-O 10.f4 b5 11.e5 dxe5 12.fxe5 Qb6+ 13.Kh1 Nd7 14.a4 b4 15.a5 Qa6
16.Ne4 Ncxe5 17.Nf6+ Nxf6 18.Bxa8 Rd8 19.Qe1 Bb7+ 20.Bxb7 Qxb7+ 21.Kg1 Nf3+
22.Rxf3 Qxf3 23.Be3 a6 24.Qf2 Rd1+ 25.Rxd1 Qxd1+ 26.Qf1 Qxc2 27.Qxa6 Qxb3
28.Qa8+ Bf8 29.Bb6 Qd1+ 30.Kg2 Qd5+  0-1

[Event "Vejstrup"]
[Site "Vejstrup"]
[Date "1989.??.??"]
[Round "?"]
[White "Schandorff, Lars"]
[Black "Polgar, Sofia"]
[Result "0-1"]
[WhiteElo "2455"]
[BlackElo "2335"]

1.d4 Nf6 2.Nf3 g6 3.Bg5 Bg7 4.Nbd2 d5 5.e3 O-O 6.Be2 b6 7.O-O c5 8.c3 Bb7
9.a4 Ne4 10.Nxe4 dxe4 11.Nd2 cxd4 12.cxd4 Nc6 13.f3 exf3 14.Nxf3 Qd7 15.Bc4 Rac8
16.Qe2 Na5 17.Bb5 Qe6 18.Rac1 Nb3 19.Rc3 Rxc3 20.bxc3 Rc8 21.Qe1 Na5 22.Qd2 f6
23.Bf4 Nc4 24.Qd3 g5 25.Bxc4 Qxc4 26.Qxc4+ Rxc4 27.Bb8 Rxa4 28.h3 h5 29.Nd2 Bh6
30.g4 hxg4 31.hxg4 Bc8 32.e4 Bxg4 33.e5 Ra2 34.Ne4 f5 35.Nf2 Bf3  0-1

[Event "OHRA-B"]
[Site "Amsterdam"]
[Date "1990.??.??"]
[Round "4"]
[White "Psakhis, Lev"]
[Black "Polgar, Sofia"]
[Result "1-0"]
[WhiteElo "2575"]
[BlackElo "2425"]

1.c4 e6 2.Nf3 d5 3.b3 Nf6 4.Bb2 Bd6 5.g3 O-O 6.Bg2 Nbd7 7.Nc3 c6 8.Qc2 Qe7
9.O-O a6 10.d4 dxc4 11.bxc4 e5 12.c5 Bc7 13.e3 Rd8 14.Rad1 exd4 15.exd4 Nf8
16.Rfe1 Ne6 17.Ne4 Nd5 18.Neg5 g6 19.h4 Qf6 20.Ne4 Qg7 21.Nc3 Bd7 22.Nxd5 cxd5
23.Ne5 Bxe5 24.Rxe5 Bc6 25.Qb3 Nc7 26.Bc1 f6 27.Ree1 Qd7 28.Bf4 Ne6 29.Bd6 Ba4
30.Qxd5 Bxd1 31.Rxe6 Kg7 32.Rxf6 Qe8 33.Rf4 Rd7 34.Be5+ Kh6 35.Qc4  1-0

[Event "OHRA-B"]
[Site "Amsterdam"]
[Date "1990.??.??"]
[Round "5"]
[White "Polgar, Sofia"]
[Black "Piket, Marcel"]
[Result "1-0"]
[WhiteElo "2425"]
[BlackElo "2350"]

1.e4 d6 2.d4 Nf6 3.Nc3 g6 4.f4 Bg7 5.Nf3 O-O 6.Bd3 Na6 7.O-O c5 8.d5 Rb8
9.Qe1 Nb4 10.a3 Nxd3 11.cxd3 Bg4 12.Nd2 Bd7 13.a4 e6 14.dxe6 fxe6 15.Nc4 d5
16.Ne5 Bc8 17.Bd2 Nd7 18.Qg3 Nf6 19.Rad1 Ra8 20.Kh1 b6 21.Bc1 Bb7 22.Rde1 a6
23.f5 Nh5 24.Qh3 exf5 25.exf5 Qd6 26.Ng4 Rae8 27.Rxe8 Rxe8 28.Nh6+ Bxh6 29.Bxh6 Qf6
30.Qf3 Qxf5 31.Qd1 Qe6 32.Qf3 Qf5 33.Qd1 Qe6 34.Qf3 Ng7 35.g4 Bc6 36.Kg1 b5
37.d4 cxd4 38.Ne2 Bb7 39.Nxd4 Qd7 40.axb5 axb5 41.b4 Qe7 42.h3 Qd7 43.Qf6 Qe7
44.Nxb5 Ba6 45.Nd6 Qxf6 46.Rxf6 Rb8 47.Rf7 Ne6 48.Re7  1-0

[Event "OHRA-B"]
[Site "Amsterdam"]
[Date "1990.??.??"]
[Round "6"]
[White "Serper, Grigory"]
[Black "Polgar, Sofia"]
[Result "1-0"]
[WhiteElo "2485"]
[BlackElo "2425"]

1.c4 e6 2.Nc3 d5 3.d4 c6 4.e3 Nf6 5.Bd3 dxc4 6.Bxc4 b5 7.Be2 Nbd7 8.Bf3 Qb6
9.Nge2 Bb7 10.O-O c5 11.Nf4 Rd8 12.a4 Bxf3 13.Qxf3 b4 14.a5 Qb8 15.Nce2 Bd6
16.b3 O-O 17.Bb2 cxd4 18.Nxd4 Rc8 19.Nc6 Qa8 20.Rac1 Rfe8 21.Rfd1 Bf8 22.Nh5 e5
23.Nxf6+ Nxf6 24.Nxe5 Qxf3 25.gxf3 h6 26.Nc6 Rc7 27.Bxf6 gxf6 28.Rc4 Kh7
29.Rdc1 Rb7 30.Nd4 Re5 31.a6 Rb6 32.f4 Ra5 33.Rc7 Raxa6 34.Rxf7+ Kg8 35.Rcc7 Ra1+
36.Kg2 a5 37.f5 Rc1 38.Rxf8+  1-0

[Event "OHRA-B"]
[Site "Amsterdam"]
[Date "1990.??.??"]
[Round "7"]
[White "Polgar, Sofia"]
[Black "Van Wely, Loek"]
[Result "0-1"]
[WhiteElo "2425"]
[BlackElo "2400"]

1.e4 d6 2.d4 Nf6 3.Nc3 g6 4.f4 Bg7 5.Nf3 c5 6.dxc5 Qa5 7.Bd3 Qxc5 8.Qe2 Bg4
9.h3 Bxf3 10.Qxf3 O-O 11.Be3 Qa5 12.g4 Nc6 13.Bd2 Nb4 14.h4 h5 15.g5 Ng4
16.Nd5 Nxd3+ 17.Qxd3 Qc5 18.Rf1 e6 19.Bb4 Qd4 20.Ne7+ Kh7 21.Qxd4 Bxd4 22.O-O-O Ne3
23.Rxd4 Nxf1 24.Bxd6 Rfd8 25.e5 Rd7 26.Rd3 Re8 27.Rh3 Rexe7 28.Kd1 Re8 29.c4 Rc8
30.b3 b5 31.cxb5 Rc5 32.Ke2 Rc1 33.a4 Rb1 34.Rc3 Nh2 35.a5 Rb7 36.b4 Rxb5
37.Rc7 Kg7 38.Bc5 R1xb4  0-1

[Event "Corfu schev"]
[Site "Corfu"]
[Date "1990.??.??"]
[Round "?"]
[White "Polgar, Sofia"]
[Black "Skembris, Spyridon"]
[Result "0-1"]
[WhiteElo "2410"]
[BlackElo "2470"]

1.e4 c6 2.d4 d5 3.exd5 cxd5 4.c4 Nf6 5.Nc3 Nc6 6.Nf3 Bg4 7.cxd5 Nxd5 8.Qb3 Bxf3
9.gxf3 Nb6 10.d5 Nd4 11.Qd1 e5 12.dxe6 fxe6 13.Be3 Bc5 14.b4 Qf6 15.bxc5 Nxf3+
16.Ke2 O-O 17.Bg2 Rad8 18.cxb6 Rxd1 19.Rhxd1 Nh4 20.Bd4 Qf5 21.Be4 Qh5+ 22.Kd2 axb6
23.Bxb6 Qe5 24.Kc2 Nf5 25.Bxf5 Qxf5+ 26.Kb2 Qf4 27.Kb3 Rc8 28.Rd4 Qf3 29.Rc1 e5
30.Rd6 Qh3 31.Rd8+ Rxd8 32.Bxd8 Qxh2 33.Bb6 h5 34.Ne4 Qf4 35.Rc8+ Kh7 36.Rc4 Kg6
37.Be3 Qf7 38.Kc3 Qd5 39.Ng5 Qh1 40.Kb2 h4 41.f4 h3 42.Rc2 h2 43.Rf2 exf4
44.Bxf4 Qg1 45.Nh3 h1=Q 46.Nxg1 Qxg1 47.Rd2 Kf5 48.Bh2 Qb6+ 49.Kc1 Qc6+ 50.Kb1 g5
51.Bb8 Qh1+ 52.Kc2 Qe1 53.Kb3 Qb1+ 54.Rb2 Qd3+ 55.Kb4 Qd8 56.Bg3 Kg4 57.Rb3 Qb6+  0-1

[Event "Corfu schev"]
[Site "Corfu"]
[Date "1990.??.??"]
[Round "?"]
[White "Polgar, Sofia"]
[Black "Kotronias, Vasilios"]
[Result "1-0"]
[WhiteElo "2410"]
[BlackElo "2500"]

1.d4 Nf6 2.Nf3 g6 3.c4 Bg7 4.Nc3 O-O 5.e4 d6 6.Be2 e5 7.O-O Nbd7 8.Qc2 c6
9.Rd1 Qe7 10.d5 a5 11.b3 h6 12.Ba3 c5 13.g3 Ne8 14.Nh4 Nc7 15.Rf1 Nf6 16.Bb2 Bh3
17.Rfe1 Nh7 18.Bf1 Bd7 19.Bd3 Bf6 20.Ng2 Ng5 21.Qe2 h5 22.f4 Bg4 23.fxg5 Bxe2
24.gxf6 Qxf6 25.Rxe2 Qe7 26.Rf1 f6 27.Nh4 Kh7 28.Ref2 Ne8 29.a4 Ng7 30.Nd1 Rf7
31.Ne3 Raf8 32.Bc3 b6 33.Rf3 Qd7 34.R1f2 Qc8 35.Bc2 Qd7 36.Kf1 Qc8 37.Ke1 Qd7
38.Kd1 Qc8 39.Kc1 Qd7 40.Kb2 Qc8 41.Ka3 Qd7 42.Bb2 Qc8 43.Bc1 Qd7 44.Rg2 Qd8
45.Rg1 Qd7 46.g4 g5 47.gxh5 gxh4 48.h6 Nh5 49.Rf5 Nf4 50.Rxf4 exf4 51.e5+ f5
52.e6 Qe7 53.Ng4 f3 54.Bb2 Qg5 55.h3 Qd2 56.Bb1 Qg2 57.exf7 Rxf7 58.Re1 f2
59.Bxf5+ Rxf5 60.Re7+ Kg8  1-0

[Event "Corfu"]
[Site "Corfu"]
[Date "1990.??.??"]
[Round "6"]
[White "Polgar, Sofia"]
[Black "Grivas, Efstratios"]
[Result "1-0"]
[WhiteElo "2410"]
[BlackElo "2445"]

1.e4 e5 2.Nf3 Nc6 3.Bb5 a6 4.Ba4 Nf6 5.O-O Nxe4 6.d4 b5 7.Bb3 d5 8.dxe5 Be6
9.c3 Nc5 10.Bc2 Bg4 11.Nbd2 Be7 12.Re1 Qd7 13.Nb3 Ne6 14.Qd3 Bh5 15.Nfd4 Ncxd4
16.Nxd4 Bg6 17.Nf5 c6 18.f4 Bc5+ 19.Kh1 O-O 20.Qh3 Rad8 21.Bb1 b4 22.Rd1 bxc3
23.bxc3 f6 24.Nd4 Bxd4 25.cxd4 Bxb1 26.Rxb1 fxe5 27.fxe5 Rf7 28.Ba3 Rf4 29.Qc3 h6
30.Rb6 Nxd4 31.g3 Qh3 32.Qe1 Rf3 33.Bc5 Nf5 34.Bf2 Re8 35.Rxc6 Rxe5 36.Qxe5 Rxf2
37.Qe8+  1-0

[Event "Dortmund-B"]
[Site "Dortmund"]
[Date "1990.??.??"]
[Round "?"]
[White "Polgar, Sofia"]
[Black "Skembris, Spyridon"]
[Result "1/2-1/2"]
[WhiteElo "2410"]
[BlackElo "2470"]

1.e4 c5 2.Nf3 Nc6 3.d4 cxd4 4.Nxd4 Qb6 5.Nb3 Nf6 6.Nc3 e6 7.Be3 Qc7 8.f4 d6
9.Be2 Be7 10.O-O a6 11.a4 b6 12.Qe1 O-O 13.Qf2 Nd7 14.Rad1 Rb8 15.g4 Nc5
16.Qg3 Bf6 17.Nd4 Bb7 18.g5 Bxd4 19.Bxd4 Nxd4 20.Rxd4 e5 21.fxe5 dxe5 22.Rc4 a5
23.Nd5 Bxd5 24.exd5 Qd6 25.Rh4 f5 26.gxf6 Rxf6 27.Rg4 Rxf1+ 28.Bxf1 Qf6 29.c3 Rf8
30.Bg2 Nd3 31.Re4 Nf4 32.Re1 Qd6 33.Kh1 Nxg2 34.Qxg2 Rf4 35.b3 h5 36.h3 Qf6
37.Kg1 Rf5 38.Re3 e4 39.h4 Qxh4 40.Rxe4 Qd8 41.c4 Qf6 42.Qe2 Rg5+ 43.Kh1 Kh7
44.Re6 Qa1+ 45.Qe1 Qb2 46.Qe4+ g6 47.Qf3 Qc1+ 48.Kh2 Qg1+ 49.Kh3 Rg3+  1/2-1/2

[Event "Dortmund-B"]
[Site "Dortmund"]
[Date "1990.??.??"]
[Round "?"]
[White "Espig, Lutz"]
[Black "Polgar, Sofia"]
[Result "1-0"]
[WhiteElo "2475"]
[BlackElo "2410"]

1.Nf3 c5 2.c4 Nc6 3.Nc3 e5 4.g3 g6 5.Bg2 d6 6.a3 Be6 7.d3 Nge7 8.Rb1 a5 9.Ng5 Bf5
10.Nge4 Bg7 11.Nb5 Nc8 12.Bg5 Qd7 13.Nf6+ Bxf6 14.Bxf6 Rg8 15.Qd2 N8e7 16.O-O Rc8
17.b4 axb4 18.axb4 b6 19.bxc5 bxc5 20.Ra1 Qe6 21.Bxe7 Qxe7 22.Ra6 Bd7 23.Rfa1 g5
24.Bxc6 Rxc6 25.Ra8+ Bc8 26.Na7 Qb7 27.Nxc6 Qxc6 28.R1a6 Qxa6 29.Rxa6 Bxa6
30.Qa5 Bc8 31.Qc7  1-0

[Event "Dortmund-B"]
[Site "Dortmund"]
[Date "1990.??.??"]
[Round "?"]
[White "Polgar, Sofia"]
[Black "Vogt, Lothar"]
[Result "0-1"]
[WhiteElo "2410"]
[BlackElo "2500"]

1.e4 c5 2.Nf3 e6 3.d4 cxd4 4.Nxd4 Nf6 5.Nc3 d6 6.g4 h6 7.h4 Nc6 8.Rg1 d5
9.Nxc6 bxc6 10.g5 hxg5 11.hxg5 Nd7 12.exd5 cxd5 13.g6 f6 14.Bf4 Bb4 15.a3 Bxc3+
16.bxc3 Qa5 17.Qd2 Ba6 18.c4 Qxd2+ 19.Kxd2 Bxc4 20.Bxc4 dxc4 21.Be3 Nb6 22.Bxb6 axb6
23.Rh1 Kd7 24.Rh7 Rhg8 25.Kc3 b5 26.a4 bxa4 27.Ra3 f5 28.Rh4 Ke7 29.Rxc4 Rgc8
30.Rxa4 Rxa4 31.Rxc8 Rf4 32.Kd3 Rxf2 33.c4 Rg2 34.Rc7+ Kf6 35.c5 Rxg6 36.c6 Rg1
37.Kd2 Ra1 38.Rc8 Ra7 39.Kd3 Ke5 40.Kc4 Ra1 41.Rg8 Kd6  0-1

[Event "Dortmund-B"]
[Site "Dortmund"]
[Date "1990.??.??"]
[Round "?"]
[White "Polgar, Sofia"]
[Black "Mainka, Romuald"]
[Result "0-1"]
[WhiteElo "2410"]
[BlackElo "2445"]

1.e4 c5 2.Nf3 d6 3.d4 cxd4 4.Nxd4 Nf6 5.Nc3 e6 6.Be2 Be7 7.O-O O-O 8.f4 a6
9.Be3 Qc7 10.Kh1 b5 11.Bf3 Bb7 12.a3 Nbd7 13.Qe2 Rac8 14.Rae1 Nb6 15.Bc1 Rfe8
16.g4 Bf8 17.Qg2 Nfd7 18.Nde2 Qb8 19.g5 Qa8 20.h4 a5 21.Nxb5 Rxc2 22.Nbd4 Rc4
23.b3 Rcc8 24.h5 Nc5 25.e5 dxe5 26.fxe5 Rc7 27.Nf4 g6 28.Nb5 Rd7 29.Re3 Bxf3
30.Rexf3 Red8 31.Be3 Nd5 32.Nxd5 Qxd5 33.Nc3 Qxe5 34.Bf4 Qd4 35.Rd1 Qg7 36.Re1 Qd4
37.h6 Nd3 38.Rxd3 Qxd3 39.Be5 Be7 40.Ne4 Qxb3 41.Kh2 Rd1 42.Re2 Qd5 43.Qg3 Qc4
44.Qf3 R8d3 45.Qg4 Rc1 46.Qg2 Rdd1 47.Qf3 Rc2 48.Rxc2 Qxc2+ 49.Nf2 Rd2 50.Kg3 Rxf2  0-1

[Event "Dortmund-B"]
[Site "Dortmund"]
[Date "1990.??.??"]
[Round "?"]
[White "Polgar, Sofia"]
[Black "Lazic, Miroljub"]
[Result "0-1"]
[WhiteElo "2410"]
[BlackElo "2495"]

1.e4 e5 2.Nf3 Nc6 3.Bb5 Nge7 4.d4 exd4 5.Nxd4 g6 6.Nxc6 Nxc6 7.Bxc6 bxc6
8.Qd4 f6 9.Nc3 Bg7 10.Bf4 d6 11.h4 h5 12.O-O-O Be6 13.Qe3 Qb8 14.f3 Qb6 15.Rdg1 Rb8
16.b3 Qa5 17.Na4 Kf7 18.g4 hxg4 19.fxg4 Rbe8 20.Qf3 Bd7 21.Rf1 Qb4 22.Nc3 Bxg4
23.Qd3 f5 24.Bd2 Qd4 25.Qg3 Rxe4 26.Qg1 Bh6 27.Kb1 Qxg1 28.Rhxg1 Rd4 29.Bxh6 Rxh6
30.Rh1 Rh8 31.a3 Re8 32.Rf2 Re3 33.Kb2 Kg7 34.Rhf1 Kh6 35.Rf4 Rxf4 36.Rxf4 Re5
37.Rc4 Rc5 38.Rb4 Kh5 39.Rb7 a5 40.Rxc7 Kxh4 41.Rd7 Bf3 42.Rxd6 g5 43.Nb1 g4
44.Nd2 Rd5 45.Rxd5 Bxd5 46.c4 Be4  0-1

[Event "Dortmund-B"]
[Site "Dortmund"]
[Date "1990.??.??"]
[Round "?"]
[White "Knaak, Rainer"]
[Black "Polgar, Sofia"]
[Result "1-0"]
[WhiteElo "2500"]
[BlackElo "2410"]

1.d4 d5 2.c4 e6 3.Nc3 c6 4.Nf3 Nf6 5.Bg5 dxc4 6.e4 b5 7.e5 h6 8.Bh4 g5 9.Nxg5 hxg5
10.Bxg5 Nbd7 11.g3 Qa5 12.exf6 b4 13.Ne4 Ba6 14.Be3 c3 15.bxc3 bxc3 16.Qc2 Bxf1
17.Kxf1 Qf5 18.Ke2 Ba3 19.Rab1 O-O 20.g4 Qg6 21.f3 Bb2 22.h4 e5 23.h5 Qh7
24.Rbg1 exd4 25.Bxd4 Rfe8 26.Kf2 Ne5 27.Bxe5 Rxe5 28.g5 Qf5 29.g6 Rxe4 30.Qxe4 Qxe4
31.fxe4 Re8 32.h6 fxg6 33.h7+ Kh8 34.Rxg6 Rf8 35.Ke2 c2 36.f7 c1=N+ 37.Ke3 Bg7
38.Rxg7  1-0

[Event "Dortmund-B"]
[Site "Dortmund"]
[Date "1990.??.??"]
[Round "?"]
[White "Keitlinghaus, Ludger"]
[Black "Polgar, Sofia"]
[Result "1/2-1/2"]
[WhiteElo "2415"]
[BlackElo "2410"]

1.Nf3 d5 2.d4 Nf6 3.c4 e6 4.g3 dxc4 5.Qa4+ Bd7 6.Qxc4 Bc6 7.Bg2 Be7 8.O-O O-O
9.Nc3 a6 10.Bg5 b5 11.Qb3 Nbd7 12.Rfd1 Qe8 13.Qc2 h6 14.Bxf6 Nxf6 15.Ne5 Bxg2
16.Kxg2 c5 17.dxc5 Bxc5 18.Ne4 Nxe4 19.Qxe4 Ra7 20.Rac1 Be7 21.Nc6 Rc7 22.Nxe7+ Qxe7
23.Rc6 Rxc6 24.Qxc6 Qb4 25.b3 Qa5 26.a4 Rb8 27.Rd7 bxa4 28.bxa4 Qb6 29.Rd6 Qb4
30.Qxa6 g6 31.Rc6 Kg7 32.Qc4 Qxc4 33.Rxc4 Rb2 34.e4 Ra2 35.e5 g5 36.h4 Kg6
37.hxg5 hxg5 38.g4 Ra3 39.f3 Ra2+ 40.Kg3 Kh6 41.f4 Ra3+ 42.Kf2 gxf4 43.Rxf4 Kg5
44.Re4 f5 45.exf6 Kxf6 46.Ke2 e5 47.Kd2 Ke6 48.Kc2 Kd5 49.Kb2 Rg3 50.Rb4 Kc5
51.Rb5+ Kc6  1/2-1/2

[Event "Dortmund-B"]
[Site "Dortmund"]
[Date "1990.??.??"]
[Round "?"]
[White "Finegold, Benjamin"]
[Black "Polgar, Sofia"]
[Result "0-1"]
[WhiteElo "2445"]
[BlackElo "2410"]

1.b3 e5 2.Bb2 Nc6 3.e3 d5 4.Bb5 f6 5.d4 exd4 6.Qxd4 Bd6 7.Nf3 a6 8.Bxc6+ bxc6
9.c4 Nh6 10.Nc3 Nf5 11.Qd3 Ne7 12.e4 dxc4 13.Qxc4 a5 14.e5 fxe5 15.Ng5 Rf8
16.O-O-O h6 17.Nf3 Rf4 18.Ne4 Ba6 19.Qc2 Qb8 20.Nxe5 Bxe5 21.Bxe5 Rf7 22.Nc5 Bc8
23.Rhe1 Bf5 24.Qc3 Qb4 25.Qxb4 axb4 26.Bxc7 Kf8 27.Nd7+ Kg8 28.Ne5 Rff8 29.g4 Bh7
30.Rd7 Rxf2 31.Rxe7 Rfxa2 32.Kd1 Rg2 33.Ba5 Bc2+ 34.Kc1 Rxa5 35.Nf3 Bd3  0-1

[Event "Dortmund-B"]
[Site "Dortmund"]
[Date "1990.??.??"]
[Round "?"]
[White "Stein, Bernd"]
[Black "Polgar, Sofia"]
[Result "0-1"]
[WhiteElo "2415"]
[BlackElo "2410"]

1.Nf3 c5 2.c4 Nc6 3.d4 cxd4 4.Nxd4 Nf6 5.Nc3 Qb6 6.Nc2 e6 7.e3 Be7 8.Be2 O-O
9.O-O a6 10.e4 Qc7 11.Be3 b6 12.f3 Ne5 13.b3 d6 14.Qd2 Bb7 15.Rac1 Rac8 16.Nd4 Qb8
17.Rfd1 Rfe8 18.Kh1 Ned7 19.Bf1 Bd8 20.Nde2 Bc7 21.Bf4 Ne5 22.Bg5 Nfd7 23.Ng3 Ng6
24.Nh5 Kh8 25.Qf2 Bc6 26.a4 Nc5 27.Qa2 a5 28.Nb5 Bxb5 29.axb5 d5 30.cxd5 exd5
31.Rxd5 Bxh2 32.Rf5 Rf8 33.Bc4 f6 34.Be3 Ne7 35.g4 Nxf5 36.gxf5 g6 37.Nxf6 Be5
38.Ng4 gxf5 39.Nxe5 Qxe5 40.Qf2 Rcd8 41.Bd5 Nd3 42.Qg1 Rf6 43.Rc6 fxe4 44.Rxf6 Qxf6
45.Bd4 Ne5 46.fxe4 Rc8 47.Qa1 Qh6+  0-1

[Event "Novi Sad tt"]
[Site "Novi Sad"]
[Date "1990.??.??"]
[Round "1"]
[White "Drazic, Sinisa"]
[Black "Polgar, Sofia"]
[Result "0-1"]
[WhiteElo "2310"]
[BlackElo "2410"]

1.d4 d5 2.Nf3 Nf6 3.c4 e6 4.Nc3 c6 5.Bg5 dxc4 6.a4 Bb4 7.e4 Bxc3+ 8.bxc3 Qa5
9.e5 Ne4 10.Rc1 Qd5 11.Be3 Nd7 12.Be2 b6 13.O-O Bb7 14.Ne1 f6 15.f3 Ng5 16.Nc2 Nf7
17.Nb4 Qa5 18.Bxc4 Nd8 19.Qb3 Nf8 20.exf6 gxf6 21.Bh6 Kf7 22.Bxf8 Rxf8 23.f4 Qf5
24.Rce1 c5 25.dxc5 bxc5 26.Nd3 Rg8 27.g3 Rb8 28.Ne5+ Kg7 29.Nd7 Qh3 30.Rf2 Kh8
31.Re3 Bf3 32.Rexf3 Rxb3 33.Bxb3 Rg7 34.Nxc5 Qf5 35.Nd3 Rc7 36.Rc2 Rb7 37.Ba2 Rd7
38.Bc4 Qe4  0-1

[Event "Novi Sad tt"]
[Site "Novi Sad"]
[Date "1990.??.??"]
[Round "3"]
[White "Polgar, Sofia"]
[Black "Rakic, Tomislav"]
[Result "1-0"]
[WhiteElo "2410"]
[BlackElo "2370"]

1.e4 g6 2.d4 Bg7 3.Nc3 d6 4.f4 Nf6 5.Nf3 O-O 6.Bd3 Nc6 7.O-O Bg4 8.e5 dxe5
9.dxe5 Nd5 10.h3 Nxc3 11.bxc3 Bf5 12.Ba3 Bh6 13.Bxf5 gxf5 14.Nh4 e6 15.Qh5 Bg7
16.Rad1 Qe8 17.Bxf8 Qxf8 18.Kh1 Qc5 19.Rf3 Qc4 20.g4 Qe2 21.Rg1 Nxe5 22.fxe5 Bxe5
23.gxf5+ Kh8 24.Ng2 Rg8 25.fxe6 Rxg2 26.Rxg2 Qe1+ 27.Rg1 Qe2 28.Rg8+  1-0

[Event "Novi Sad tt"]
[Site "Novi Sad"]
[Date "1990.??.??"]
[Round "4"]
[White "Rakic, Tomislav"]
[Black "Polgar, Sofia"]
[Result "1-0"]
[WhiteElo "2370"]
[BlackElo "2410"]

1.d4 Nf6 2.Nf3 d5 3.Bf4 c5 4.e3 cxd4 5.exd4 g6 6.Nc3 a6 7.Bd3 Nc6 8.h3 Bg7
9.O-O O-O 10.Qd2 b5 11.Rfe1 Qb6 12.Ne5 Na5 13.Bf1 Rd8 14.Rad1 Be6 15.b4 Nc6
16.a4 Nxb4 17.axb5 Bf5 18.Na4 Qa5 19.Rb1 Qxa4 20.Rxb4 Qa2 21.Nc6 Ne4 22.Rxe4 dxe4
23.b6 e5 24.b7 exf4 25.Nxd8  1-0

[Event "Novi Sad tt"]
[Site "Novi Sad"]
[Date "1990.??.??"]
[Round "5"]
[White "Popovic, Petar"]
[Black "Polgar, Sofia"]
[Result "1-0"]
[WhiteElo "2520"]
[BlackElo "2410"]

1.e4 c5 2.Nf3 e6 3.d4 cxd4 4.Nxd4 Nc6 5.Nb5 d6 6.c4 Nf6 7.N1c3 a6 8.Na3 b6
9.Be2 Bb7 10.O-O Nb8 11.f3 Nbd7 12.Bf4 Qc7 13.Qd2 Be7 14.Rfd1 Ne5 15.Rac1 O-O
16.Be3 Ned7 17.Bf1 Rac8 18.Qf2 Bd8 19.Rc2 Qb8 20.Rcd2 Bc7 21.g4 Ne8 22.Nc2 g6
23.Bh6 Ng7 24.Ne3 Bc6 25.b4 a5 26.a3 Qa8 27.Nb5 Bxb5 28.cxb5 axb4 29.axb4 Qa4
30.Nc4 Ne5 31.Nxe5 dxe5 32.Rc1 Qxb4 33.Rdc2 Qe7 34.Qg3 f6 35.Rc6 Qd7 36.Qf2 g5
37.Qc2 Rf7 38.Bc4 Re8 39.Qb3 Qd4+ 40.Kh1 Rfe7 41.Bxg7 Kxg7 42.Bxe6 Bd8 43.Rd1 Qf2
44.Bd7 Rh8 45.Rc2 Qh4 46.Qa3 Qh3 47.Bf5 Kh6 48.Rg2 Rc7 49.Rg3 Qh4 50.f4 Kg7
51.Qf3 h5 52.Rh3 hxg4 53.Bxg4  1-0

[Event "Novi Sad tt"]
[Site "Novi Sad"]
[Date "1990.??.??"]
[Round "6"]
[White "Polgar, Sofia"]
[Black "Popovic, Petar"]
[Result "1/2-1/2"]
[WhiteElo "2410"]
[BlackElo "2520"]

1.e4 c5 2.Nf3 d6 3.d4 cxd4 4.Nxd4 Nf6 5.Nc3 Nc6 6.Be3 e5 7.Nf3 Be7 8.Bc4 O-O
9.O-O Be6 10.Bb3 Rc8 11.Qe2 Qc7 12.Rad1 a6 13.Bg5 Na5 14.Nh4 Nc4 15.Rd3 h6
16.Bxf6 Bxf6 17.Nf5 Rfd8 18.Nd5 Bxd5 19.exd5 Nxb2 20.Rg3 Kf8 21.Qg4 Qd7 22.Qh5 e4
23.Re1 Re8 24.Nxh6 g6 25.Qe2 Bg7 26.Qd2 Nc4 27.Bxc4 Rxc4 28.Ng4 Rd4 29.Qg5 Qe7
30.Qf4 e3 31.Qxe3 Rxd5 32.h4 Qxe3 33.Rgxe3 Rxe3 34.Nxe3 Ra5 35.Nc4 Rxa2 36.Nxd6 Bc3
37.Re8+ Kg7 38.g4 Rxc2 39.Re7 b5 40.Rxf7+ Kg8 41.Ra7 b4 42.Ne4 Bd4 43.Rb7 a5
44.Kf1 Rc6 45.Ke2 Rb6 46.Rxb6 Bxb6 47.Kd3 a4 48.f4 b3 49.Nd2 Bd8 50.h5 gxh5
51.gxh5 Bf6 52.Kc4 b2  1/2-1/2